[Event "World Chess Olympiad 2018"]
[Site "Batumi"]
[Date "2018.09.26"]
[Round "3"]
[Board "1"]
[WhiteFideId "3208923"]
[White "Smirnov Anton"]
[BlackFideId "6900224"]
[Black "De La Riva Aguado Oscar"]
[Result "1-0"]
[LiveChessVersion "1.4.8"]
[BlackElo "2475"]
[WhiteElo "2549"]

1. e4 {[%clk 1:30:46]} c5 {[%clk 1:30:27]} 2. Nf3 {[%clk 1:31:10]} Nc6
{[%clk 1:30:47]} 3. d4 {[%clk 1:31:35]} cxd4 {[%clk 1:31:10]} 4. Nxd4
{[%clk 1:32:00]} e6 {[%clk 1:31:04]} 5. Nc3 {[%clk 1:32:24]} Qc7 {[%clk 1:31:25]}
6. Qd3 {[%clk 1:32:49]} Nf6 {[%clk 1:28:51]} 7. Ndb5 {[%clk 1:31:47]} Qb8
{[%clk 1:27:55]} 8. Qg3 {[%clk 1:32:03]} d6 {[%clk 1:27:42]} 9. Be3
{[%clk 1:32:25]} a6 {[%clk 1:25:25]} 10. Nd4 {[%clk 1:32:19]} Bd7
{[%clk 1:25:02]} 11. f4 {[%clk 1:28:05]} h5 {[%clk 1:19:40]} 12. Nf3
{[%clk 1:28:01]} b5 {[%clk 1:17:25]} 13. Bd3 {[%clk 1:27:00]} Be7
{[%clk 1:15:40]} 14. h3 {[%clk 1:19:22]} h4 {[%clk 0:50:04]} 15. Qf2
{[%clk 1:15:47]} b4 {[%clk 0:47:42]} 16. Ne2 {[%clk 1:08:20]} b3 {[%clk 0:30:49]}
17. c3 {[%clk 0:59:51]} bxa2 {[%clk 0:28:20]} 18. Rxa2 {[%clk 0:57:07]} d5
{[%clk 0:27:27]} 19. e5 {[%clk 0:56:29]} Ne4 {[%clk 0:27:52]} 20. Bxe4
{[%clk 0:56:48]} dxe4 {[%clk 0:28:15]} 21. Nd2 {[%clk 0:51:44]} Qb7
{[%clk 0:25:04]} 22. O-O {[%clk 0:50:31]} O-O {[%clk 0:25:24]} 23. Rfa1
{[%clk 0:44:13]} a5 {[%clk 0:25:48]} 24. Nc4 {[%clk 0:42:06]} Qb3
{[%clk 0:17:17]} 25. Nb6 {[%clk 0:30:59]} Rad8 {[%clk 0:17:21]} 26. Na4
{[%clk 0:30:32]} Bc8 {[%clk 0:13:19]} 27. Nd4 {[%clk 0:30:31]} Nxd4
{[%clk 0:11:25]} 28. Bxd4 {[%clk 0:30:54]} Rd5 {[%clk 0:02:17]} 29. Nc5
{[%clk 0:26:38]} Bxc5 {[%clk 0:01:28]} 30. Bxc5 {[%clk 0:27:07]} Rfd8
{[%clk 0:01:50]} 31. Ra3 {[%clk 0:26:23]} Qc4 {[%clk 0:00:50]} 32. Bd4
{[%clk 0:26:47]} Bb7 {[%clk 0:00:51]} 33. Rxa5 {[%clk 0:18:18]} e3
{[%clk 0:00:41]} 34. Qxe3 {[%clk 0:18:39]} Rxa5 {[%clk 0:00:37]} 35. Rxa5
{[%clk 0:19:04]} Qc6 {[%clk 0:01:00]} 36. Qf2 {[%clk 0:18:26]} Qe4
{[%clk 0:01:17]} 37. Kh2 {[%clk 0:17:44]} Bd5 {[%clk 0:01:44]} 38. Ra1
{[%clk 0:17:34]} Rc8 {[%clk 0:01:03]} 39. Rg1 {[%clk 0:13:06]} Qh7
{[%clk 0:01:19]} 40. Bc5 {[%clk 0:42:56]} Ra8 {[%clk 0:30:32]} 41. Be7
{[%clk 0:35:20]} Ra4 {[%clk 0:23:11]} 42. Bxh4 {[%clk 0:32:26]} Qf5
{[%clk 0:15:32]} 43. Rf1 {[%clk 0:30:02]} Qd3 {[%clk 0:15:24]} 44. Re1
{[%clk 0:28:27]} Qf5 {[%clk 0:14:10]} 45. Bg3 {[%clk 0:28:27]} Re4
{[%clk 0:13:46]} 46. Rxe4 {[%clk 0:28:49]} Qxe4 {[%clk 0:14:12]} 47. Bh4
{[%clk 0:29:01]} Kh7 {[%clk 0:13:14]} 48. Be7 {[%clk 0:29:21]} Kg8
{[%clk 0:12:56]} 49. Qg3 {[%clk 0:28:43]} Qc2 {[%clk 0:10:56]} 50. b4
{[%clk 0:27:23]} g6 {[%clk 0:10:00]} 51. b5 {[%clk 0:23:33]} Qe2 {[%clk 0:08:46]}
52. b6 {[%clk 0:23:05]} Qc2 {[%clk 0:07:53]} 53. Qg5 {[%clk 0:19:36]} Kh7
{[%clk 0:06:57]} 54. c4 {[%clk 0:16:42]} Bc6 {[%clk 0:06:38]} 55. c5
{[%clk 0:17:03]} Qe4 {[%clk 0:06:09]} 56. Qg4 {[%clk 0:16:27]} Qc2
{[%clk 0:04:34]} 57. h4 {[%clk 0:16:35]} Bd5 {[%clk 0:03:47]} 58. h5
{[%clk 0:16:44]} Kg7 {[%clk 0:04:02]} 59. Bf6+ {[%clk 0:16:48]} 1-0

[Event "World Chess Olympiad 2018"]
[Site "Batumi"]
[Date "2018.09.26"]
[Round "3"]
[Board "2"]
[WhiteFideId "2260409"]
[White "Aloma Vidal Robert"]
[BlackFideId "3202534"]
[Black "Zhao Zong-Yuan"]
[Result "1-0"]
[LiveChessVersion "1.4.8"]
[BlackElo "2523"]
[WhiteElo "2428"]

1. d4 {[%clk 1:30:56]} Nf6 {[%clk 1:30:55]} 2. c4 {[%clk 1:31:06]} e6
{[%clk 1:31:20]} 3. Nc3 {[%clk 1:30:03]} Bb4 {[%clk 1:31:45]} 4. Qc2
{[%clk 1:30:28]} O-O {[%clk 1:29:47]} 5. a3 {[%clk 1:29:35]} Bxc3+
{[%clk 1:30:13]} 6. Qxc3 {[%clk 1:29:58]} b6 {[%clk 1:28:52]} 7. Nf3
{[%clk 1:29:34]} Bb7 {[%clk 1:26:44]} 8. g3 {[%clk 1:29:44]} a5 {[%clk 1:15:07]}
9. b3 {[%clk 1:18:18]} d6 {[%clk 1:13:55]} 10. Bg2 {[%clk 1:18:42]} Nbd7
{[%clk 1:13:39]} 11. O-O {[%clk 1:19:03]} Qe7 {[%clk 1:10:32]} 12. Bb2
{[%clk 1:18:56]} Ne4 {[%clk 1:04:34]} 13. Qc2 {[%clk 1:18:23]} f5
{[%clk 1:05:01]} 14. b4 {[%clk 1:02:08]} Nef6 {[%clk 1:00:34]} 15. d5
{[%clk 0:45:50]} exd5 {[%clk 0:46:29]} 16. Nd4 {[%clk 0:46:00]} g6
{[%clk 0:28:51]} 17. cxd5 {[%clk 0:45:54]} Bxd5 {[%clk 0:29:07]} 18. Qxc7
{[%clk 0:27:49]} Bxg2 {[%clk 0:27:06]} 19. Kxg2 {[%clk 0:27:50]} Rfc8
{[%clk 0:26:26]} 20. Qb7 {[%clk 0:27:14]} Qe4+ {[%clk 0:23:21]} 21. Qxe4
{[%clk 0:24:42]} Nxe4 {[%clk 0:23:46]} 22. Rfc1 {[%clk 0:20:59]} Ne5
{[%clk 0:21:23]} 23. Nb5 {[%clk 0:14:51]} Nc4 {[%clk 0:16:22]} 24. Bd4
{[%clk 0:15:19]} Ned2 {[%clk 0:09:45]} 25. Rd1 {[%clk 0:14:30]} Nb3
{[%clk 0:08:38]} 26. Rab1 {[%clk 0:13:49]} Ncd2 {[%clk 0:07:00]} 27. Rb2
{[%clk 0:11:18]} Nxd4 {[%clk 0:06:47]} 28. Nxd4 {[%clk 0:11:15]} Nc4
{[%clk 0:07:06]} 29. Rb3 {[%clk 0:10:57]} axb4 {[%clk 0:03:52]} 30. axb4
{[%clk 0:09:35]} Kf7 {[%clk 0:01:36]} 31. h3 {[%clk 0:08:25]} Ke7
{[%clk 0:00:42]} 32. g4 {[%clk 0:08:15]} f4 {[%clk 0:00:50]} 33. Rf3
{[%clk 0:07:26]} Rf8 {[%clk 0:00:35]} 34. Nc6+ {[%clk 0:05:43]} Ke6
{[%clk 0:01:01]} 35. Rc3 {[%clk 0:04:58]} d5 {[%clk 0:00:51]} 36. Nd4+
{[%clk 0:04:39]} Kd6 {[%clk 0:00:39]} 37. Nf3 {[%clk 0:04:29]} Ne5
{[%clk 0:00:32]} 38. Nxe5 {[%clk 0:03:43]} Kxe5 {[%clk 0:01:02]} 39. Rc7
{[%clk 0:02:49]} Ra4 {[%clk 0:00:48]} 40. Rd7 {[%clk 0:31:38]} Rxb4
{[%clk 0:30:39]} 41. R1xd5+ {[%clk 0:31:31]} Ke6 {[%clk 0:30:00]} 42. R5d6+
{[%clk 0:31:20]} Ke5 {[%clk 0:30:28]} 43. Rc6 {[%clk 0:26:55]} f3+
{[%clk 0:16:48]} 44. exf3 {[%clk 0:26:43]} Rb3 {[%clk 0:17:13]} 45. Rxh7
{[%clk 0:22:21]} Rbxf3 {[%clk 0:17:31]} 46. Rxg6 {[%clk 0:14:29]} Rxf2+
{[%clk 0:17:50]} 47. Kg3 {[%clk 0:14:54]} R2f3+ {[%clk 0:13:45]} 48. Kh4
{[%clk 0:15:11]} Rb8 {[%clk 0:13:03]} 49. Rhh6 {[%clk 0:04:48]} Rb3
{[%clk 0:10:29]} 50. Kg5 {[%clk 0:04:39]} b5 {[%clk 0:10:00]} 51. h4
{[%clk 0:04:50]} b4 {[%clk 0:08:39]} 52. h5 {[%clk 0:05:07]} Rh3 {[%clk 0:04:40]}
53. Rb6 {[%clk 0:05:07]} Rxb6 {[%clk 0:04:40]} 54. Rxb6 {[%clk 0:05:34]} b3
{[%clk 0:05:05]} 55. h6 {[%clk 0:05:25]} Kd4 {[%clk 0:04:25]} 56. Kg6
{[%clk 0:05:07]} Kc3 {[%clk 0:04:24]} 57. h7 {[%clk 0:03:21]} b2 {[%clk 0:04:16]}
58. Kg7 {[%clk 0:02:23]} Kc2 {[%clk 0:04:11]} 59. h8=Q {[%clk 0:02:12]} Rxh8
{[%clk 0:04:24]} 60. Kxh8 {[%clk 0:02:26]} b1=Q {[%clk 0:04:47]} 61. Rxb1
{[%clk 0:02:51]} 1-0

[Event "World Chess Olympiad 2018"]
[Site "Batumi"]
[Date "2018.09.26"]
[Round "3"]
[Board "3"]
[WhiteFideId "4300033"]
[White "Cheng Bobby"]
[BlackFideId "2274477"]
[Black "Luke Brezmes Cristofer"]
[Result "1-0"]
[LiveChessVersion "1.4.8"]
[BlackElo "2124"]
[WhiteElo "2507"]

1. Nf3 {[%clk 1:30:56]} d5 {[%clk 1:30:31]} 2. g3 {[%clk 1:31:22]} Nf6
{[%clk 1:29:19]} 3. Bg2 {[%clk 1:31:48]} Nbd7 {[%clk 1:27:08]} 4. d4
{[%clk 1:30:06]} e6 {[%clk 1:26:31]} 5. O-O {[%clk 1:28:52]} Be7 {[%clk 1:26:24]}
6. c4 {[%clk 1:29:02]} c6 {[%clk 1:26:35]} 7. b3 {[%clk 1:28:30]} O-O
{[%clk 1:26:44]} 8. Qc2 {[%clk 1:28:48]} Ne4 {[%clk 1:24:04]} 9. Bb2
{[%clk 1:18:01]} f5 {[%clk 1:20:27]} 10. Nbd2 {[%clk 1:11:08]} Qe8
{[%clk 1:15:02]} 11. e3 {[%clk 1:05:43]} Qh5 {[%clk 1:11:34]} 12. Ne5
{[%clk 1:00:41]} Rf6 {[%clk 1:00:25]} 13. Nd3 {[%clk 0:43:00]} Rh6
{[%clk 0:48:31]} 14. h3 {[%clk 0:43:26]} Bd6 {[%clk 0:45:46]} 15. Nf3
{[%clk 0:40:27]} Ng5 {[%clk 0:37:07]} 16. Nxg5 {[%clk 0:40:22]} Qxg5
{[%clk 0:37:28]} 17. b4 {[%clk 0:35:49]} Nf6 {[%clk 0:31:57]} 18. b5
{[%clk 0:29:04]} Ne4 {[%clk 0:27:53]} 19. bxc6 {[%clk 0:19:08]} bxc6
{[%clk 0:26:55]} 20. cxd5 {[%clk 0:17:50]} Bb7 {[%clk 0:12:07]} 21. dxc6
{[%clk 0:16:20]} Rc8 {[%clk 0:11:48]} 22. Ne5 {[%clk 0:10:52]} Bxe5
{[%clk 0:09:17]} 23. dxe5 {[%clk 0:11:20]} Rxc6 {[%clk 0:08:50]} 24. Qd3
{[%clk 0:10:31]} Rc7 {[%clk 0:06:58]} 25. Qb5 {[%clk 0:07:53]} Qd8
{[%clk 0:05:38]} 26. Rac1 {[%clk 0:07:11]} g5 {[%clk 0:03:51]} 27. Rxc7
{[%clk 0:06:46]} Qxc7 {[%clk 0:04:12]} 28. Qe8+ {[%clk 0:06:28]} Kg7
{[%clk 0:04:41]} 29. Rc1 {[%clk 0:05:51]} Nc5 {[%clk 0:02:32]} 30. Ba3
{[%clk 0:04:33]} Bxg2 {[%clk 0:00:37]} 31. Bxc5 {[%clk 0:04:57]} 1-0

[Event "World Chess Olympiad 2018"]
[Site "Batumi"]
[Date "2018.09.26"]
[Round "3"]
[Board "4"]
[WhiteFideId "6900089"]
[White "Jose Queralto Daniel"]
[BlackFideId "3205800"]
[Black "Morris James"]
[Result "0-1"]
[LiveChessVersion "1.4.8"]
[BlackElo "2494"]
[WhiteElo "2096"]

1. e4 {[%clk 1:30:57]} c5 {[%clk 1:30:53]} 2. Nf3 {[%clk 1:31:23]} e6
{[%clk 1:31:16]} 3. d4 {[%clk 1:31:48]} cxd4 {[%clk 1:31:42]} 4. Nxd4
{[%clk 1:32:15]} Nc6 {[%clk 1:32:06]} 5. c4 {[%clk 1:32:13]} Qc7 {[%clk 1:29:39]}
6. Nc3 {[%clk 1:32:03]} Nf6 {[%clk 1:29:31]} 7. Be3 {[%clk 1:30:23]} a6
{[%clk 1:28:51]} 8. Be2 {[%clk 1:29:44]} Bb4 {[%clk 1:23:52]} 9. f3
{[%clk 1:29:48]} d5 {[%clk 1:19:49]} 10. exd5 {[%clk 1:28:23]} exd5
{[%clk 1:16:50]} 11. O-O {[%clk 1:28:15]} dxc4 {[%clk 1:15:56]} 12. Bxc4
{[%clk 1:26:07]} O-O {[%clk 1:16:18]} 13. Nxc6 {[%clk 1:16:24]} Qxc6
{[%clk 1:12:28]} 14. Qd4 {[%clk 1:16:23]} Be6 {[%clk 0:56:09]} 15. Bxe6
{[%clk 1:10:52]} Qxe6 {[%clk 0:55:12]} 16. Rfe1 {[%clk 1:05:51]} Ba5
{[%clk 0:54:08]} 17. Bf2 {[%clk 0:56:49]} Qc6 {[%clk 0:54:06]} 18. b4
{[%clk 0:45:08]} Rfd8 {[%clk 0:33:48]} 19. Qc5 {[%clk 0:45:28]} Qxc5
{[%clk 0:33:10]} 20. Bxc5 {[%clk 0:45:54]} Bc7 {[%clk 0:33:21]} 21. Re7
{[%clk 0:38:43]} Rac8 {[%clk 0:33:01]} 22. Rae1 {[%clk 0:32:53]} h5
{[%clk 0:30:41]} 23. g3 {[%clk 0:31:18]} Rd3 {[%clk 0:17:52]} 24. Ne4
{[%clk 0:25:02]} Nd5 {[%clk 0:09:15]} 25. Rd7 {[%clk 0:21:58]} Nxb4
{[%clk 0:09:28]} 26. Rxc7 {[%clk 0:22:09]} Rxc7 {[%clk 0:09:55]} 27. Bxb4
{[%clk 0:22:33]} f6 {[%clk 0:10:19]} 28. Kf2 {[%clk 0:18:16]} b6 {[%clk 0:10:40]}
29. Ke2 {[%clk 0:16:38]} Rd4 {[%clk 0:10:50]} 30. a3 {[%clk 0:17:05]} a5
{[%clk 0:08:48]} 31. Bd2 {[%clk 0:16:19]} Rc2 {[%clk 0:07:33]} 32. Ke3
{[%clk 0:16:06]} Rd8 {[%clk 0:06:27]} 33. g4 {[%clk 0:14:56]} hxg4
{[%clk 0:06:51]} 34. fxg4 {[%clk 0:15:22]} Ra2 {[%clk 0:07:10]} 35. Rb1
{[%clk 0:09:11]} Rxa3+ {[%clk 0:07:32]} 36. Kf2 {[%clk 0:06:32]} Rd4
{[%clk 0:02:20]} 37. Bc1 {[%clk 0:06:52]} Ra2+ {[%clk 0:02:32]} 38. Ke3
{[%clk 0:07:11]} Rd1 {[%clk 0:02:56]} 39. Nc3 {[%clk 0:04:20]} Re1+
{[%clk 0:03:21]} 40. Kd3 {[%clk 0:34:19]} Rxh2 {[%clk 0:33:16]} 0-1